| 000 | 00865caa a22002417a 4500 | ||
|---|---|---|---|
| 999 |
_c408625 _d408625 |
||
| 001 | 122333 | ||
| 003 | UA-OsUOA | ||
| 005 | 20200105011054.0 | ||
| 007 | ta | ||
| 008 | 20170424b un ||||| |||| 00| 0 ukr d | ||
| 040 |
_aUA-OsUOA _bukr _cUA-OsUOA _dUA-OsUOA |
||
| 041 | _aukr | ||
| 080 | _a908 | ||
| 090 |
_a908 _bК72 |
||
| 100 | _aКостомаров М. | ||
| 245 |
_aКнязь Костянтин Костянтинович Острозький _cМ. Костомаров |
||
| 300 | _aС. 71–87 | ||
| 650 | 7 |
_a908 Краєзнавство _2UDC |
|
| 773 | 0 |
_0306868 _9298161 _aКостомаров М. _dК. Веселка 1993 _o74905 _tГалерея портретів: біографічні нариси _w(UA-OsUOA) 20688 _z5-301-01266-5 |
|
| 942 |
_cBKA _2udc |
||
| 955 | _a1 | ||